000
00243nam a22000977a 4500
100
_a
Wodeyar,Sadashiva Shivadeva
_9
79879
245
_a
Rani Chennamma
260
_a
Delhi
_b
National Books Trust
_c
2016
650
_a
Children Book
_9
79880
942
_c
BK
999
_c
63433
_d
63433